<?xml version="1.0" encoding="UTF-8"?>
<record
    xmlns:xsi="http://www.w3.org/2001/XMLSchema-instance"
    xsi:schemaLocation="http://www.loc.gov/MARC21/slim http://www.loc.gov/standards/marcxml/schema/MARC21slim.xsd"
    xmlns="http://www.loc.gov/MARC21/slim">

  <leader>00717nam a2200241Ia 4500</leader>
  <controlfield tag="003">OSt</controlfield>
  <controlfield tag="005">20251119102748.0</controlfield>
  <controlfield tag="008">210210b1960   xxu||||| |||| 00| 0 eng d</controlfield>
  <datafield tag="040" ind1=" " ind2=" ">
    <subfield code="c">AL</subfield>
  </datafield>
  <datafield tag="041" ind1=" " ind2=" ">
    <subfield code="a">Kannada</subfield>
  </datafield>
  <datafield tag="082" ind1=" " ind2=" ">
    <subfield code="a">851/122</subfield>
  </datafield>
  <datafield tag="100" ind1=" " ind2=" ">
    <subfield code="a">GUNDAPPA (L)</subfield>
    <subfield code="d">&#xC97;&#xCC1;&#xC82;&#xCA1;&#xCAA;&#xCCD;&#xCAA; (&#xC8E;&#xCB2;&#xCCD;) </subfield>
    <subfield code="9">246339</subfield>
  </datafield>
  <datafield tag="245" ind1=" " ind2=" ">
    <subfield code="a">Tirukkural: modalaneya dharma bhaga</subfield>
    <subfield code="b"> &#xCA4;&#xCBF;&#xCB0;&#xCC1;&#xC95;&#xCCD;&#xC95;&#xCC1;&#xCB0;&#xCB2;&#xCCD;: &#xCAE;&#xCCA;&#xCA6;&#xCB2;&#xCA8;&#xCC6;&#xCAF; &#xCA7;&#xCB0;&#xCCD;&#xCAE; &#xCAD;&#xCBE;&#xC97; </subfield>
  </datafield>
  <datafield tag="260" ind1=" " ind2=" ">
    <subfield code="a">Bengaluru</subfield>
    <subfield code="b">-</subfield>
    <subfield code="c">1960</subfield>
  </datafield>
  <datafield tag="650" ind1=" " ind2=" ">
    <subfield code="a">Tirukkural:</subfield>
    <subfield code="9">246340</subfield>
  </datafield>
  <datafield tag="650" ind1=" " ind2=" ">
    <subfield code="a">Tirukkural</subfield>
    <subfield code="9">246340</subfield>
  </datafield>
  <datafield tag="650" ind1=" " ind2=" ">
    <subfield code="a">modalaneya</subfield>
    <subfield code="9">246341</subfield>
  </datafield>
  <datafield tag="650" ind1=" " ind2=" ">
    <subfield code="a">dharma</subfield>
    <subfield code="9">246342</subfield>
  </datafield>
  <datafield tag="650" ind1=" " ind2=" ">
    <subfield code="a">bhaga</subfield>
    <subfield code="9">246343</subfield>
  </datafield>
  <datafield tag="690" ind1=" " ind2=" ">
    <subfield code="a">Kannada Poetry</subfield>
    <subfield code="9">246344</subfield>
  </datafield>
  <datafield tag="906" ind1=" " ind2=" ">
    <subfield code="a">018139</subfield>
  </datafield>
  <datafield tag="942" ind1=" " ind2=" ">
    <subfield code="2">ddc</subfield>
    <subfield code="c">BK</subfield>
  </datafield>
  <datafield tag="999" ind1=" " ind2=" ">
    <subfield code="c">141267</subfield>
    <subfield code="d">141267</subfield>
  </datafield>
  <datafield tag="952" ind1=" " ind2=" ">
    <subfield code="0">0</subfield>
    <subfield code="1">0</subfield>
    <subfield code="2">ddc</subfield>
    <subfield code="4">0</subfield>
    <subfield code="7">0</subfield>
    <subfield code="8">KAN</subfield>
    <subfield code="a">AL</subfield>
    <subfield code="b">AL</subfield>
    <subfield code="c">Kannada Literature</subfield>
    <subfield code="d">2021-02-17</subfield>
    <subfield code="g">0.00</subfield>
    <subfield code="l">0</subfield>
    <subfield code="o">851/122</subfield>
    <subfield code="p">018139</subfield>
    <subfield code="r">2021-02-17 00:00:00</subfield>
    <subfield code="w">2021-02-17</subfield>
    <subfield code="y">BK</subfield>
  </datafield>
</record>
